Вып. 1(47): [сборник]; Физико-химические основы синтеза и переработки полимеров

Manylion Llyfryddiaeth
Parent link:Физико-химические основы синтеза и переработки полимеров: межвузовский сборник/ Горьковский государственный университет им. Н. И. Лобачевского (ГГУ). Вып. 1(47).— , 1976-
Awduron Eraill: Заботин К. П. (редактор)
Iaith:Rwseg
Cyhoeddwyd: 1976
Pynciau:
Fformat: Llyfr
KOHA link:https://koha.lib.tpu.ru/cgi-bin/koha/opac-detail.pl?biblionumber=289307

MARC

LEADER 00000nam2a2200000 4500
001 289307
005 20231102000156.0
035 |a (RuTPU)RU\TPU\book\313812 
035 |a RU\TPU\book\291100 
090 |a 289307 
100 |a 20140825d1976 k y0rusy50 ca 
101 0 |a rus 
102 |a RU 
105 |a a z 001zy 
200 0 |a Вып. 1(47)  |e [сборник]  |f отв. ред. К. П. Заботин 
210 |d 1976 
215 |a 112 с.  |c ил. 
320 |a Библиография в конце статей 
461 1 |0 (RuTPU)RU\TPU\book\313789  |t Физико-химические основы синтеза и переработки полимеров  |o межвузовский сборник  |f Горьковский государственный университет им. Н. И. Лобачевского (ГГУ)  |v Вып. 1(47)  |d 1976-  
606 1 |a Полимеры  |x Переработка  |2 stltpush  |3 (RuTPU)RU\TPU\subj\72574  |9 86025 
606 1 |a Полимеры  |x Синтез  |2 stltpush  |3 (RuTPU)RU\TPU\subj\50297  |9 69005 
610 1 |a модификация 
610 1 |a распад 
610 1 |a физико-химические исследования 
610 1 |a полимерные материалы 
610 1 |a свойства 
610 1 |a строение 
610 1 |a применение 
610 1 |a волоконная оптика 
610 1 |a полимеризация 
610 1 |a сополимеризация 
675 |a 678.02  |v 3 
702 1 |a Заботин  |b К. П.  |4 340 
801 1 |a RU  |b 63413507  |c 20150401 
801 2 |a RU  |b 63413507  |c 20170504  |g RCR 
942 |c BK